Electric Light Orchestra Discography - Statistics

General Stats
  • This quiz has been taken 51 times
    27 since last reset
  • The average score is 44 of 156
Answer Stats
Year Album Answer % Correct
1977 Out of the Blue Mr. Blue Sky
93%
1976 A New World Record Telephone Line
93%
1979 Discovery Confusion
80%
1975 Face the Music Evil Woman
80%
1979 Discovery Last Train to London
80%
1981 Time Twilight
80%
1976 A New World Record Livin' Thing
73%
1976 A New World Record Shangri-La
73%
1977 Out of the Blue Turn to Stone
73%
1979 Discovery Don't Bring Me Down
67%
1976 A New World Record Rockaria!
67%
1975 Face the Music Strange Magic
67%
1977 Out of the Blue Sweet Talkin' Woman
67%
1979 Discovery The Diary of Horace Wimp
67%
1975 Face the Music One Summer Dream
60%
1983 Secret Messages Secret Messages
60%
1973 Single Showdown
60%
1977 Out of the Blue The Whale
60%
1971 The Electric Light Orchestra 10538 Overture
53%
1974 Eldorado Can't Get it Out of My Head
53%
1976 A New World Record Do Ya
53%
1974 Eldorado Eldorado
53%
1981 Time Epilogue
53%
1975 Face the Music Fire on High
53%
1981 Time Hold On Tight
53%
1977 Out of the Blue It's Over
53%
1977 Out of the Blue Jungle
53%
1979 Discovery Midnight Blue
53%
1975 Face the Music Poker
53%
1979 Discovery Shine a Little Love
53%
1977 Out of the Blue Starlight
53%
1977 Out of the Blue Summer and Lightning
53%
1981 Time Ticket to the Moon
53%
1975 Face the Music Waterfall
53%
1977 Out of the Blue Wild West Hero
53%
1976 A New World Record Above the Clouds
47%
1977 Out of the Blue Across the Border
47%
1980 Single All Over the World
47%
1977 Out of the Blue Big Wheels
47%
1977 Out of the Blue Birmingham Blues
47%
1983 Secret Messages Bluebird
47%
1977 Out of the Blue Night in the City
47%
1975 Face the Music Nightrider
47%
1981 Time Prologue
47%
1973 ELO 2 Roll Over Beethoven
47%
1976 A New World Record Tightrope
47%
1977 Out of the Blue Believe Me Now
40%
1973 On the Third Day Bluebird Is Dead
40%
1974 Eldorado Eldorado Overture
40%
1973 On the Third Day Ma-Ma-Ma Belle
40%
1976 A New World Record Mission (A World Record)
40%
1973 ELO 2 Momma
40%
1983 Secret Messages Rock 'n' Roll Is King
40%
1976 A New World Record So Fine
40%
1986 Balance of Power So Serious
40%
1977 Out of the Blue Standin' in the Rain
40%
1977 Out of the Blue Steppin' Out
40%
1977 Out of the Blue Sweet Is the Night
40%
1981 Time 21st Century Man
33%
1981 Time Another Heart Breaks
33%
1974 Eldorado Boy Blue
33%
1986 Balance of Power Calling America
33%
1975 Face the Music Down Home Town
33%
1974 Eldorado Eldorado Finale
33%
1981 Time From the End of the World
33%
1981 Time Here Is the News
33%
1974 Eldorado Illusions in G Major
33%
1981 Time The Lights Go Down
33%
1981 Time Yours Truly, 2095
33%
1973 On the Third Day Daybreaker
27%
1974 Eldorado Laredo Tornado
27%
1971 The Electric Light Orchestra Look at Me Now
27%
1974 Eldorado Mister Kingdom
27%
1973 On the Third Day Ocean Breakup/King of the Universe
27%
1979 Discovery On the Run
27%
1981 Time Rain Is Falling
27%
1986 Balance of Power Send It
27%
1979 Discovery Wishing
27%
2015 Alone in the Universe Alone in the Universe
20%
1983 Secret Messages Four Little Diamonds
20%
2019 From Out of Nowhere From Out of Nowhere
20%
1986 Balance of Power Heaven Only Knows
20%
1980 Single I'm Alive
20%
1973 On the Third Day In the Hall of the Mountain King
20%
1981 B-Side Julie Don't Live Here
20%
1973 ELO 2 Kuiama
20%
1983 Secret Messages Letter from Spain
20%
1971 The Electric Light Orchestra Nellie Takes Her Bow
20%
1973 On the Third Day New World Rising/Ocean Breakup (Reprise)
20%
1974 Eldorado Nobody's Child
20%
1973 On the Third Day Oh No Not Susan
20%
1974 Eldorado Poor Boy (The Greenwood)
20%
1981 Time The Way Life's Meant to Be
20%
1983 Secret Messages Train of Gold
20%
1980 Single Xanadu
20%
2001 Zoom Alright
13%
1986 Balance of Power Endless Lies
13%
1973 ELO 2 From the Sun to the World (Boogie No. 1)
13%
1986 Balance of Power Getting to the Point
13%
1973 ELO 2 In Old England Town (Boogie No. 2)
13%
1983 Secret Messages Loser Gone Wild
13%
1971 The Electric Light Orchestra Mr. Radio
13%
1979 Discovery Need Her Love
13%
1983 Secret Messages Take Me On and On
13%
1983 B-Side The Bouncer
13%
1971 The Electric Light Orchestra Whisper in the Night
13%
2015 Alone in the Universe Ain't It a Drag
7%
1983 B-Side Buildings Have Eyes
7%
1983 Secret Messages Danger Ahead
7%
1986 B-Side Destination Unknown
7%
1980 Single Don't Walk Away
7%
1973 On the Third Day Dreaming of 4000
7%
1986 Balance of Power Is It Alright
7%
1971 The Electric Light Orchestra Manhattan Rumble (49th Street Massacre)
7%
2001 Zoom Moment in Paradise
7%
2019 From Out of Nowhere One More Time
7%
1971 The Electric Light Orchestra Queen of the Hours
7%
2019 From Out of Nowhere Sci-Fi Woman
7%
1983 Secret Messages Stranger
7%
2019 From Out of Nowhere Time of Our Life
7%
2015 Alone in the Universe When I Was a Boy
7%
1981 B-Side When Time Stood Still
7%
1986 Balance of Power Without Someone
7%
1983 B-Side After All
0%
2015 Alone in the Universe All My Life
0%
2019 From Out of Nowhere All My Love
0%
2001 Zoom All She Wanted
0%
2001 Zoom A Long Time Gone
0%
1986 B-Side A Matter of Fact
0%
2015 Alone in the Universe Dirty to the Bone
0%
2019 From Out of Nowhere Down Came the Rain
0%
2001 Zoom Easy Money
0%
1971 The Electric Light Orchestra First Movement (Jumping Biz)
0%
2019 From Out of Nowhere Goin' Out on Me
0%
2019 From Out of Nowhere Help Yourself
0%
2015 Alone in the Universe I'm Leaving You
0%
2001 Zoom In My Own Time
0%
2001 Zoom It Really Doesn't Matter
0%
2001 Zoom Just for Love
0%
2007 Bonus Track Latitude 88 North
0%
2001 Zoom Lonesome Lullaby
0%
2019 From Out of Nowhere Losing You
0%
2015 Alone in the Universe Love and Rain
0%
2001 Zoom Melting in the Sun
0%
2015 Alone in the Universe One Step at a Time
0%
2001 Zoom Ordinary Dream
0%
1986 Balance of Power Secret Lives
0%
2019 From Out of Nowhere Songbird
0%
1986 Balance of Power Sorrow About to Fall
0%
2001 Zoom State of Mind
0%
2001 Zoom Stranger on a Quiet Street
0%
2006 Bonus Track Surrender
0%
1971 The Electric Light Orchestra The Battle of Marston Moor (July 2nd 1644)
0%
2015 Alone in the Universe The Sun Will Shine on You
0%
1983 B-Side Time After Time
0%
2015 Alone in the Universe When the Night Comes
0%
No matching quizzes found
Score Distribution
Percent of People with Each Score
Percentile by Number Answered
Your Score History
You have not taken this quiz since the last reset